000 00510nam a2200205Ia 4500
008 170203s9999 xx 000 0 und d
020 _a0-721416705
050 _aFic
050 _bM974o
100 _aMurdock, Hy.
245 _aOpposites /
245 _cby Hy Murdock ; illustrated by Tony Wells.
260 _aLoughborough :
260 _bLadybird,
260 _c©1990.
300 _a24 pages :
650 _aEnglish language -- Antonyms
650 _aReaders.
700 _aWells, Tony, ill.
999 _c306663
_d306663